• 首页
  • 本馆介绍
  • 公告通知
  • 最新文献
  • 馆藏检索
  • 电子资源
  • 读者导购
  • 参考咨询
  • 我的图书馆
  • 登录
  • 期刊详细显示
  • 现刊情况显示
  • 合订本情况显示
  • 篇目信息显示

期刊信息

  • 表格格式
  • 工作单格式
  • 卡片格式
索取号 
C91/HYYJ
题名 
婚姻与家庭
作者 
婚姻与家庭杂志社
分册号 
分册名 
出版地 
北京
出版者 
该杂志社
标准刊号 
1003-2991
出版频率 
月刊
中图法分类 
C913.1
主题词 
社会学
电子资源 
000 01252nas002200361 45
001 1196020474
005 20190925154459.78
011    @a1003-2991@dCNY4.00
091    @aCN@b11-1210
092    @b2-14
100    @a19930709a19859999ekmy0chiy0121 eb
101 0  @achi
102    @aCN@b110000
110    @aafaz 0yu0
200 1  @a婚姻与家庭@AHun Yin Yu Jia Ting@dMarriage and family@i上半月@zeng@f婚姻与家庭杂志社@FHun Yin Yu Jia Ting Za Zhi She
207  0 @a1985,no.1(1985,10)=[总1];1985,no.2(1985)~=总2~
210    @a北京@b北京市灯市口大街50号(邮码100730)@c该杂志社@d1985~
215    @d26cm
326    @a月刊
327 0  @a家庭教育@a情爱写真@a婚姻透视@a典型案例@a社会大观@a我的一段情@a爱的呼唤
510 1  @aMarriage and family@zeng
517 1  @a上半月@AShang Ban Yue
540 1  @a婚姻 家庭@AHUN YIN JIA TING
606 0  @a社会学
676    @a306.8@v19
690    @aC913.1@v3
690    @aC91@v4
701  0 @a段永强@ADUAN YONG QIANG@4主编
701  0 @a婚姻与家庭杂志社@AHun Yin Yu Jia Ting Za Zhi She
711 02 @a中国婚姻家庭研究会@AZHONG GUO HUN YIN JIA TING YAN JIU HUI@4主办
711 02 @a中华全国妇女联合会@AZHONG HUA QUAN GUO FU NU“ LIAN HE HUI@4主管
801  0 @aCN@bPFT@c20070410
905    @a1@cQ@dC91@eHYYJ
    
    婚姻与家庭=Marriage and family.上半月/婚姻与家庭杂志社.-1985,no.1(1985,10)=[总1];1985,no.2(1985)~=总2~.-北京(北京市灯市口大街50号(邮码100730)):该杂志社,1985~
    26cm
    
    部分内容:家庭教育;情爱写真;婚姻透视;典型案例;社会大观;我的一段情;爱的呼唤
    ISSN 1003-2991:CNY4.00
    
●
相关链接: 在易读查询期刊 在中国知网中查询期刊 在万方数据查询期刊 在维普查询期刊
唐山师范学院图书馆 欢迎您!
大连网信软件有限公司© 版权所有